000
00316nam a22001337a 4500
008
170908b xxu||||| |||| 00| 0 eng d
020
_a
2900073051504
041
_a
eng
080
_2
3 ED
_a
91
100
_a
42
101
_a
GEO
245
_a
CONTEMPORARY WORLD REGIONAL GEOGRAPHY
_c
DYMOND.CH
942
_2
udc
_c
BK
999
_c
26918
_d
26918